Código de familia y reformas al código civil (Registro nro. 8710)

Detalles MARC
000 -CABECERA
Longitud fija campo de control 00783cam a2200229 a 4500
001 - NÚMERO DE CONTROL
Número de control 13512420
003 - IDENTIFICADOR DELl NÚMERO DE CONTROL
Identificador del número de control OSt
005 - FECHA Y HORA DE LA ÚLTIMA TRANSACCIÓN
Fecha y hora de la última transacción 20140404115747.0
008 - CÓDIGOS DE INFORMACIÓN DE LONGITUD FIJA
Códigos de información de longitud fija 040305s2003 slv spa
040 ## - FUENTE DE LA CATALOGACIÓN
Centro catalogador de origen DLC
Centro transcriptor BMC
Centro modificado DLC
082 ## - NÚMERO DE LA CLASIFICACIÓN DECIMAL DEWEY
Númeroo de clasificación 346.0157284
110 1# - PUNTO DE ACCESO PRINCIPAL-NOMBRE DE ENTIDAD CORPORATIVA
9 (RLIN) 15018
Nombre de entidad corporativa o nombre de jurisdicción como elemento inicial El Salvador
Título de la obra Leyes, etc., familiares
245 10 - MENCIÓN DE TÍTULO
Título Código de familia y reformas al código civil
Resto del título : (con su exposición de motivos)
Mención de responsabilidad, etc. editor, Ricardo Mendoza Orantes
250 ## - MENCIÓN DE EDICIÓN
Mención de edición 13ª ed
260 ## - PUBLICACIÓN, DISTRIBUCIÓN, ETC. (PIE DE IMPRENTA)
Lugar de publicación, distribución, etc. San Salvador
Nombre del editor, distribuidor, etc. Editorial Jurídica Salvadoreña
Fecha de publicación, distribución, etc. 2003
300 ## - DESCRIPCIÓN FÍSICA
Extensión 142 p.
Dimensiones 22 cm
500 ## - NOTA GENERAL
Nota general Datos tomados de la cub.
610 14 - PUNTO DE ACCESO ADICIONAL DE MATERIA - NOMBRE DE ENTIDAD CORPORATIVA
9 (RLIN) 16423
Nombre de entidad corporativa o nombre de jurisdicción como elemento inicial El Salvador
Título de la obra Código de familia, 1993
650 24 - PUNTO DE ACCESO ADICIONAL DE MATERIA - TÉRMINO DE MATERIA
Término de materia o nombre geográfico como elemento inicial Derecho de familia
Subdivisión geográfica El Salvador
9 (RLIN) 6814
700 1# - PUNTO DE ACCESO ADICIONAL - NOMBRE DE PERSONA
9 (RLIN) 2370
Nombre de persona Mendoza Orantes, Ricardo Alberto‏
942 ## - ENTRADA DE ELEMENTOS AGREGADOS (KOHA)
Fuente de clasificaión o esquema Dewey Decimal Classification
Koha [por defecto] tipo de item 1- Monografias
Existencias
Suprimido Perdido Fuente de clasificación o esquema Estropeado Restricciones de uso No para préstamo Código de colección Localización permanente Localización actual Localización en estanter&íacute;as Fecha adquisición Fuente de adquisición Número de inventario Préstamos totales Signatura completa Código de barras Fecha última consulta Coste, precio reemplazado Fecha del precio de reemplazo Tipo de item de Koha Fecha último préstamo
NULL NULL Dewey Decimal Classification NULL Prestable NULL NULL Biblioteca Miguel de Cervantes - UNICAES Biblioteca Miguel de Cervantes - UNICAES Sala Principal 27/02/2003 Donación - Compra 014058   346.015 ELS cod 1014058 01/04/2014 9.00 01/04/2014 1- Monografias  
NULL NULL Dewey Decimal Classification NULL Prestable NULL NULL Biblioteca Miguel de Cervantes - UNICAES Biblioteca Miguel de Cervantes - UNICAES Sala Principal 27/02/2003 Donación - Compra 014059   346.015 ELS cod 1014059 01/04/2014 9.00 01/04/2014 1- Monografias  
NULL NULL Dewey Decimal Classification NULL Prestable NULL NULL Biblioteca Miguel de Cervantes - UNICAES Biblioteca Miguel de Cervantes - UNICAES Sala Principal 27/02/2003 Donación - Compra 014060 3 346.015 ELS cod 1014060 09/05/2018 9.00 01/04/2014 1- Monografias 08/05/2018